Boutique especializado en vestidos y complementos para la mujer / (Registro nro. 4982)
[ vista simple ]
| 000 -LEADER | |
|---|---|
| fixed length control field | 01081nam a22002657a 4500 |
| 003 - CONTROL NUMBER IDENTIFIER | |
| control field | PE SENCICO BE |
| 005 - DATE AND TIME OF LATEST TRANSACTION | |
| control field | 20251020182707.0 |
| 008 - FIXED-LENGTH DATA ELEMENTS--GENERAL INFORMATION | |
| fixed length control field | 240304b |||||||| |||| 00| 0 eng d |
| 040 ## - CATALOGING SOURCE | |
| Original cataloging agency | PE SENCICO BE |
| Transcribing agency | PE SENCICO BE |
| 041 ## - LANGUAGE CODE | |
| Language code of text/sound track or separate title | spa |
| 084 ## - OTHER CLASSIFICATION NUMBER | |
| Classification number | I |
| -- | DIS |
| -- | 2010 |
| Item number | R41 |
| 100 1# - MAIN ENTRY--PERSONAL NAME | |
| 9 (RLIN) | 2013 |
| Personal name | Rengifo Isusqui, Misha Claire |
| Relator term | autor |
| 245 1# - TITLE STATEMENT | |
| Title | Boutique especializado en vestidos y complementos para la mujer / |
| Statement of responsibility, etc. | Misha Claire Rengifo Isusqui |
| 260 ## - PUBLICATION, DISTRIBUTION, ETC. | |
| Place of publication, distribution, etc. | Lima : |
| Date of publication, distribution, etc. | 2010 |
| 300 ## - PHYSICAL DESCRIPTION | |
| Extent | [48] h. : |
| Other physical details | il. col. ; |
| Dimensions | 30 cm. |
| 500 ## - GENERAL NOTE | |
| General note | El volumen 3 contiene planos. |
| 502 ## - DISSERTATION NOTE | |
| Dissertation note | Monografía de Titulación.-- Servicio Nacional de Capacitación para la Industria de la Construcción. Escuela Superior Técnica. Carrera Profesional Técnica en Diseño de Interiores, 2010 |
| 650 10 - SUBJECT ADDED ENTRY--TOPICAL TERM | |
| 9 (RLIN) | 44 |
| Topical term or geographic name entry element | Diseño de interiores |
| 650 20 - SUBJECT ADDED ENTRY--TOPICAL TERM | |
| 9 (RLIN) | 882 |
| Topical term or geographic name entry element | Boutiques |
| 650 20 - SUBJECT ADDED ENTRY--TOPICAL TERM | |
| 9 (RLIN) | 1995 |
| Topical term or geographic name entry element | Espacios comerciales |
| 650 20 - SUBJECT ADDED ENTRY--TOPICAL TERM | |
| 9 (RLIN) | 615 |
| Topical term or geographic name entry element | Planos |
| 710 1# - ADDED ENTRY--CORPORATE NAME | |
| Corporate name or jurisdiction name as entry element | Servicio Nacional de Capacitación para la Industria de la Construcción. |
| Subordinate unit | Escuela Superior Técnica |
| 9 (RLIN) | 1065 |
| 910 ## - USER-OPTION DATA (OCLC) | |
| -- | hfp |
| -- | hfp |
| 942 ## - ADDED ENTRY ELEMENTS (KOHA) | |
| Koha item type | Monografía de Titulación |
| Source of classification or shelving scheme | Dewey Decimal Classification |
| Fecha de la última vez que lo usaron | Número de ingreso o de inventario | Pago total | Signatura topográfica completa | Código de barras | Precio efectivo desde | Tipo de documento | Estado perdido | Estado dañado | No es para préstamo | Retirado | Ubicación permanente | Ubicación actual | Fecha de adquisición |
|---|---|---|---|---|---|---|---|---|---|---|---|---|---|
| 04/03/2024 | I-00534 | I/DIS/2010/R41/v. 1 | BibLima24030014 | 04/03/2024 | Monografía de Titulación | Biblioteca Central Lima | Biblioteca Central Lima | 04/03/2024 | |||||
| 04/03/2024 | I-00535 | I/DIS/2010/R41/v. 2 | BibLima24030015 | 04/03/2024 | Monografía de Titulación | Biblioteca Central Lima | Biblioteca Central Lima | 04/03/2024 | |||||
| 04/03/2024 | I-00536 | I/DIS/2010/R41/v. 3 | BibLima24030016 | 04/03/2024 | Monografía de Titulación | Biblioteca Central Lima | Biblioteca Central Lima | 04/03/2024 |